Дело по отношению Главного штаба с прошением отставного рядового, еврея Шустера о дозволении ему обучать еврейских детей русской...

Доступно только в Электронных читальных залах Найти на картеНа карте
RUSMARC
00003754nmc2a22002413x 450
001e2f1e4dd-7790-4761-9703-a04ce46d0252
00520210824082739.0
100##$a20210319l18691869k l0rusy0189 ca
1010#$arus
102##$aRU
105##$ay###
1222#$ad
2001#$aДело по отношению Главного штаба с прошением отставного рядового, еврея Шустера о дозволении ему обучать еврейских детей русской грамоте
$j28 августа - 31 декабря 1869 г.
215##$a7 л.
$d36,5х26 см
251##$cДело
300##$aДело
371##$aДокумент не является опубликованным и широко распространяемым
461#0$1001a74412a3-3cc5-4d21-8f0a-dfe2fbd9e72d
$12001
$aДепартамент народного просвещения Министерства народного просвещения (1803-1917)
$1251
$cФонд
$1852
$j733
462#0$1001208a61b7-2020-4ed4-afdc-eeb27c3654e1
$12001
$aДела Департамента народного просвещения по части образования евреев (1863-1892 гг.)
$1251
$cОпись
$1852
$j189
801#0$aRU
$bРГИА
$c20210319
$gRCR
801#1$aRU
$bГлавНИВЦ
$c20210319
$2rusmarc
801#2$aRU
$bПБ им. Б.Н. Ельцина
$c20210824
$gRCR
$2rusmarc
850##$aРГИА
852##$aРГИА
$eФедеральное казенное учреждение "Российский государственный исторический архив" (РГИА)
$j342
937##$hРГИА
$d12361810
$aASBIBLIO_SCAN
035##$aRusGRCC00025701
856##$uhttp://readingroom.main.prlib.ru/item.aspx?id_node=n167662008&mode=full
Формат отображения